000 00338nam a22001457a 4500
008 210507b ||||| |||| 00| 0 eng d
020 _a9780816057450
041 _aeng
080 _a621
082 _a621
100 _a26
101 _aMEK
245 _aModern Robotics Building Versatile Machines
_cHarry Henderson
942 _2udc
_cBK
999 _c57096
_d57096